| 000 | 00483nam a2200157 i 4500 | ||
|---|---|---|---|
| 001 | 75291 | ||
| 003 | ES-MaACL | ||
| 005 | 20230906172410.0 | ||
| 007 | t| | ||
| 008 | 030923s1914 fr ||||1| fre d | ||
| 100 | 1 |
_aGramont, Maurice. _959542 |
|
| 245 | 1 | 0 |
_aTraité pratique de pronunciation française / _cpar Maurice Gramont. |
| 260 |
_aParis : _bDelagrave, _c[1944] ( _fSociété Anonyme d'Impremerie de Villafranche) |
||
| 300 |
_a232 p. ; _c19 cm. |
||
| 852 |
_aES-MaACL _jF-13304 |
||
| 999 |
_c75291 _d75291 |
||